Jiun-Ming learns a lesson

Bibliographic Details
Format: Book
Published: Selangor : Eduquest , 2005
Series:Fun learning moral stories
Subjects:

MARC

LEADER 00000cam a2200000 7i4500
001 0000005183
005 20220105104009.0
008 070802
020 |a 983274718X(set) 
020 |a 9832747244 
090 0 0 |a JP   |b MOR ENG (5692) 
245 0 0 |a Jiun-Ming learns a lesson   |c Editorial Board 
260 |a Selangor :   |b Eduquest ,   |c 2005 
440 |a Fun learning moral stories 
500 |a Children age 4-6 years old (yellow) 
650 0 |a Junior preschool   |x English   |x Languages 
650 0 |a Moral 
999 |a 0000976820   |b Book   |c Children Collection   |e Perbadanan Perpustakaan Awam Johor 
999 |a 0000976821   |b Book   |c Children Collection   |e Perbadanan Perpustakaan Awam Johor 
999 |a 0000976822   |b Book   |c Children Collection   |e Cawangan Segamat 
999 |a 0000976823   |b Book   |c Children Collection   |e Perbadanan Perpustakaan Awam Johor 
999 |a 0000976824   |b Book   |c Children Collection   |e Perbadanan Perpustakaan Awam Johor 
999 |a 0000976850   |b Book   |c Children Collection   |e Cawangan Taman Universiti 
999 |a 000976850   |b Book   |c Chinese Collection   |e Cawangan Taman Universiti